000 00879nam a2200253Ia 4500
003 OSt
005 20221005113318.0
006 a|||||r|||| 00| 0
007 ta
008 221004b |||||||| |||| 00| 0 pan d
020 _a8173803943 (hbk)
_c200
024 _a5273
037 _b689, 12/06/2013, H.K. Prakashan
_cTextual
040 _aCRL
_cCRL
_bpan
041 _2pan
_apan
082 _aU8, 153N7
100 _aਰਛਪਾਲ ਕੈਰ
245 0 _aਪੰਜਾਬੀ ਸਖ਼ਰਨਾਮਾ
_b ਸਰੂਪ, ਸਿਧਾਂਤ ਤੇ ਵਿਰਾਮ
260 _aਪਟਿਆਲਾ
_bਪੰਜਾੁਬੀ ਯੂਨੀਵਜਸਿਟੀ ਭਾਰਤ
_c1997
300 _a308ਪੰ
_ccm.
650 _aਭੂਗੋਲ
942 _hU8, 153N7
_cTEXL
_2cc
999 _c1027759
_d1027759